00697 a2200169 4500008004100000020001800041040004900059041000800108100002800116245008200144260004900226300005200275504004100327650007300368650003400441650005200475130821s2011 ck ab gr spa  a9789589996256 aCO-BoUCMbspacJavier GarzóndHenry Ríos00aspa1 aRocha García, Ricardo14aLas nuevas dimensiones del narcotráfico en ColombiacRicardo Rocha García aBogotá (Colombia)bDiseñum Tremensc2011 a218 páginasbilustraciones, mapas, gráficas aIncluye referencias bibliográficas 7aControl de drogas y narcóticosxPolítica gubernamentalyColombia 7aCultivos ilícitoszColombia 7aNarcotráficoxAspectos económicoszColombia